Születésnap és a beneši dekrétumok

Bibliographic Details
Main Author: Popély, Gyula, 1945- (Author)
Format: Article
Language:Hungarian
Subjects:

MARC

LEADER 00000nab a2200000 a 4500
001 vtls000696140
003 SK-MaSNL
005 20260318122049.0
008 160324c1999 xo 0 hun
015 |a SNBRB1999/06-15426 
035 |a CLN000048307 
040 |a SNKBUCL  |b slo  |c SNKBUCL  |e AACR2 
041 0 |a hun 
044 |a xo  |c SK 
080 |a 943.7-051  |2 1997 
080 |a 943.7"1945/1946"  |2 1997 
080 |a 929 Beneš, Edvard  |2 1997 
100 1 |a Popély, Gyula,  |d 1945-  |4 aut  |9 85478 
245 1 0 |a Születésnap és a beneši dekrétumok  |c Popély Gyula 
600 1 7 |a Beneš, Edvard,  |d 1884-1948  |2 snkbucl  |9 110633 
630 0 7 |a Benešove dekréty  |2 snkbucl  |9 840980 
651 7 |a Československo  |x dejiny  |y 1945-1946  |2 snkbucl  |9 16761 
655 7 |a články z novín a časopisov  |2 snkbucl  |9 267496 
773 0 |t Szabad újság  |g Roč. 7, č. 22 (1999), s. 5 
850 |a Slovenská národná knižnica v Martine 
852 |a SNK  |b KIS3GCP 
958 |a HU 
958 |a SK 
958 |a CZ 
958 |a RBX 
999 |c 2995359  |d 2997289